000 00714nam a22002177a 4500
003 OSt
005 20260203035021.0
008 260203b |||||||| |||| 00| 0 eng d
020 _a 978-1-305-64465-6
040 _aDWC-Main lib
_cOC
082 _2seventh edition
_aCirc. 153 S839c 2017
100 _aSternberg, Robert J.
245 _aCognitive Psychology/
_cRobert J. Sternberg
250 _a seventh edition
260 _aUSA:
_bCengage learning,
_cc2017.
300 _axxvii, 596 pages :
_b col. illustrations;
_c26cm.
504 _aIncludes index, bibliographical references
650 _a1. Cognitive Psychology
700 _aKarin Sternberg
942 _2ddc
_cBK-CIRC
_e seventh edition
_kCirc.
_n0
999 _c8178
_d8178